Prime ministers of Slovenia - Statistics

General Stats
  • This quiz has been taken 22 times
  • The average score is 11 of 13
Answer Stats
Mandate Prime minister % Correct
2020-22 Janez Janša
100%
2012-13 Janez Janša
100%
2004-08 Janez Janša
100%
2022-? Robert Golob
100%
2013-14 Alenka Bratušek
90%
2018-20 Marjan Šarec
90%
2000-02 Janez Drnovšek
80%
1992-2000 Janez Drnovšek
80%
1990-92 Lojze Peterle
80%
2014-18 Miro Cerar
80%
2008-12 Borut Pahor
70%
2000 Andrej Bajuk
60%
2002-04 Anton Rop
60%
No matching quizzes found
Score Distribution
Percent of People with Each Score
Percentile by Number Answered
Your Score History
You have not taken this quiz